000 00757nam a2200277Ia 4500
005 20260324112655.0
008 008 260324s9999 xx 000 0 eng d
020 _a9781003425700
037 _aEBOOK
040 _aCRL
040 _beng
040 _cCRL
041 _2eng
041 _aeng
084 _qCRL
100 _aKarm Veer Arya; Ciro Rodriguez Rodriguez; Saurabh Singh; Abhishek Singhal
_91143678
245 0 _aArtificial Intelligence and Machine Learning Techniques in Image Processing and Computer Vision
260 _bTaylor and Francis
260 _c2024
365 _a
365 _b275
856 _uhttp://www.taylorfrancis.com/books/9781003425700
942 _cEBOOK
999 _c1732970
_d1732970